[Event "ICS rated blitz match"]
[Site "204.178.125.65"]
[Date "2000.06.21"]
[Round "?"]
[White "MissSilicon"]
[Black "Hossa"]
[Result "1/2-1/2"]
[WhiteElo "2661"]
[BlackElo "2347"]
[PlyCount "189"]
[EventDate "2000.??.??"]

1. c4 e5 2. Nc3 d6 3. d3 Nf6 4. e4 Be7 5. Nf3 O-O 6. Be2 Nc6 7. O-O Ng4 8. h3
Nf6 9. Be3 Bd7 10. a3 Be6 11. b4 b6 12. Qa4 Qd7 13. b5 Na5 14. Rfb1 a6 15. Qc2
Qd8 16. Nd1 axb5 17. cxb5 Nd7 18. d4 exd4 19. Nxd4 Nc5 20. Nxe6 fxe6 21. Ra2
Bg5 22. Bg4 Bxe3 23. Nxe3 Qd7 24. Bh5 Qe7 25. Be2 Qf6 26. Ng4 Qg6 27. f3 Qf7
28. Qc3 e5 29. Rd2 Ra7 30. Ne3 Ne6 31. Nd5 Nd4 32. Bd3 Qd7 33. f4 Qd8 34. Rdb2
Qh4 35. Kh2 Rf7 36. Rc1 Nb7 37. Bc4 Nc5 38. fxe5 dxe5 39. g3 Qxe4 40. Ne7+ Kf8
41. Bxf7 Nf3+ 42. Kg2 Kxe7 43. Qxf3 Qxf3+ 44. Kxf3 Nd3 45. Rbc2 Nxc1 46. Bg8
Nd3 47. Ra2 Kf6 48. Bxh7 Nb4 49. Ra1 g6 50. Ke4 Nc2 51. Rc1 Ra4+ 52. Kd3 Nd4
53. Rxc7 Rxa3+ 54. Ke4 Ra4 55. Kd3 e4+ 56. Ke3 Nf5+ 57. Kf4 e3+ 58. Kf3 e2 59.
Kxe2 Ra3 60. Rb7 Nxg3+ 61. Ke1 Ra1+ 62. Kf2 Ne4+ 63. Ke3 Re1+ 64. Kf4 Nc5 65.
Rxb6+ Ne6+ 66. Kf3 Kf5 67. Kf2 Re4 68. Rc6 Nf4 69. Rc5+ Kf6 70. Kf3 Rb4 71. b6
Ne6 72. Rc6 Ke7 73. Ke3 Kd7 74. Rc3 g5 75. Bf5 Rxb6 76. Kf3 Ke7 77. Rc4 Rd6 78.
Kg4 Rd4+ 79. Rxd4 Nxd4 80. Kxg5 Nxf5 81. Kxf5 Kf7 82. Kg5 Kg7 83. Kf4 Kh7 84.
Kg4 Kh8 85. Kf3 Kg8 86. Kg3 Kh8 87. Kh4 Kg8 88. Kh5 Kh8 89. Kg6 Kg8 90. h4 Kh8
91. h5 Kg8 92. Kg5 Kh8 93. h6 Kg8 94. Kg6 Kh8 95. h7 {Hossa stalemated} 1/2-1/2

[Event "ICS Rated blitz match"]
[Site "204.178.125.65"]
[Date "2000.06.21"]
[Round "?"]
[White "Hossa"]
[Black "QueenMaxima"]
[Result "1-0"]
[WhiteElo "2358"]
[BlackElo "2521"]
[PlyCount "105"]
[EventDate "2000.??.??"]

1. e4 e5 2. Nf3 Nc6 3. Bb5 a6 4. Bxc6 dxc6 5. d3 Bd6 6. Nc3 Nf6 7. O-O O-O 8.
d4 exd4 9. Qxd4 c5 10. Qd2 Qe8 11. Re1 Be7 12. e5 Nd7 13. Nd5 Qd8 14. Ng5 Nb6
15. Nxe7+ Qxe7 16. Qd3 g6 17. Nf3 Bf5 18. Qe2 Rfe8 19. Bh6 Nd7 20. Rad1 Qe6 21.
c4 f6 22. Qf1 fxe5 23. Ng5 Qc6 24. Qe2 Rad8 25. Rd2 Re7 26. Qd1 Rde8 27. Rde2
Kh8 28. b3 Bg4 29. f3 Bf5 30. Rd2 Nf6 31. Qa1 Kg8 32. Rde2 Qd6 33. Rd1 Qb6 34.
Qc3 Rd7 35. Rxd7 Nxd7 36. Rf2 Qb4 37. Qc1 Re7 38. Qd1 Kh8 39. g4 Qb6 40. f4 Be6
41. fxe5 Qc6 42. Qf1 Bg8 43. e6 Qd6 44. exd7 Qxd7 45. Rf4 Qd6 46. Nf3 Re4 47.
Rxe4 Qf6 48. g5 Qc3 49. Ne5 Qc1 50. Nxg6+ hxg6 51. Qxc1 Kh7 52. Qc3 a5 53. Qg7#
1-0

[Event "ICS rated blitz match"]
[Site "204.178.125.65"]
[Date "2000.06.21"]
[Round "?"]
[White "Amy"]
[Black "Hossa"]
[Result "1-0"]
[WhiteElo "2255"]
[BlackElo "2381"]
[PlyCount "81"]
[EventDate "2000.??.??"]

1. e4 e5 2. Nf3 Nc6 3. Nc3 g6 4. d4 exd4 5. Nxd4 Nf6 6. g3 Bb4 7. Nxc6 Bxc3+ 8.
bxc3 bxc6 9. Bg2 Ba6 10. Qd4 h6 11. Ba3 d6 12. e5 O-O 13. exf6 Re8+ 14. Kd1 c5
15. Qa4 Be2+ 16. Kd2 Rb8 17. Bc6 Re6 18. Rhe1 Bh5 19. Rxe6 fxe6 20. g4 Qxf6 21.
f3 Qg5+ 22. Kd3 c4+ 23. Qxc4 d5 24. Qa4 Qf6 25. Rf1 Rb6 26. Be8 e5 27. gxh5 e4+
28. Ke2 Qe5 29. fxe4 Qxh5+ 30. Ke3 Qg5+ 31. Kd3 dxe4+ 32. Qxe4 Qd8+ 33. Ke2 Rf6
34. Bc5 c6 35. Bd4 Qb8 36. Rxf6 Qxh2+ 37. Rf2 Qh5+ 38. Ke1 Qg4 39. Bf7+ Kh7 40.
Qxg4 h5 41. Qxg6# {Hossa checkmated} 1-0

[Event "ICS rated bullet match"]
[Site "204.178.125.65"]
[Date "2000.06.21"]
[Round "?"]
[White "Lasker2000"]
[Black "Hossa"]
[Result "0-1"]
[WhiteElo "1495"]
[BlackElo "2402"]
[PlyCount "26"]
[EventDate "2000.??.??"]

1. d4 Nf6 2. c4 e6 3. Nc3 Bb4 4. a3 Bxc3+ 5. bxc3 c5 6. Bg5 Qa5 7. Qc2 cxd4 8.
Bxf6 gxf6 9. Nf3 dxc3 10. e3 Nc6 11. Bd3 Nb4 12. Qd1 c2 13. Qc1 Nxd3+ {
Lasker2000 resigns} 0-1

[Event "ICS rated bullet match"]
[Site "204.178.125.65"]
[Date "2000.06.21"]
[Round "?"]
[White "Hossa"]
[Black "Lasker2000"]
[Result "1-0"]
[WhiteElo "2402"]
[BlackElo "1495"]
[PlyCount "71"]
[EventDate "2000.??.??"]

1. e4 e6 2. d4 d5 3. Nd2 c5 4. exd5 cxd4 5. Bb5+ Bd7 6. dxe6 Bxb5 7. exf7+ Kxf7
8. Qh5+ Ke7 9. Qxb5 Nf6 10. Qxb7+ Nbd7 11. Ngf3 Qb8 12. Qxb8 Rxb8 13. O-O g6
14. Nxd4 Bg7 15. Nc6+ Kf7 16. Nxb8 Rxb8 17. Nc4 Re8 18. Nd6+ Kg8 19. Nxe8 Nxe8
20. Be3 Nef6 21. Bxa7 Nc5 22. Bxc5 Nd7 23. Ba3 Nc5 24. Bxc5 Bxb2 25. Rab1 Bg7
26. Rb8+ Bf8 27. Rxf8+ Kg7 28. f3 h5 29. Kf2 g5 30. Ke3 g4 31. fxg4 hxg4 32.
Bd4+ Kg6 33. Rg8+ Kh7 34. Rg7+ Kh6 35. Rf8 g3 36. Rh8# 1-0

[Event "ICS rated bullet match"]
[Site "204.178.125.65"]
[Date "2000.06.21"]
[Round "?"]
[White "Hossa"]
[Black "Lasker2000"]
[Result "1-0"]
[WhiteElo "2402"]
[BlackElo "1495"]
[PlyCount "43"]
[EventDate "2000.??.??"]

1. e4 e6 2. d4 d5 3. Nd2 Nf6 4. e5 Nfd7 5. Bd3 c5 6. c3 Nc6 7. Ne2 Qb6 8. Nf3
c4 9. Bc2 Qc7 10. O-O b5 11. Ng5 a5 12. Nxh7 b4 13. Nxf8 Kxf8 14. cxb4 axb4 15.
Bf4 Rb8 16. Bg3 Na5 17. Qd2 b3 18. Bb1 bxa2 19. Rxa2 Nb3 20. Qf4 g6 21. Bxg6
Rg8 22. Qxf7# 1-0

[Event "ICS rated bullet match"]
[Site "204.178.125.65"]
[Date "2000.06.21"]
[Round "?"]
[White "Lasker2000"]
[Black "Hossa"]
[Result "0-1"]
[WhiteElo "1495"]
[BlackElo "2402"]
[PlyCount "58"]
[EventDate "2000.??.??"]

1. d4 Nf6 2. c4 e6 3. Nc3 Bb4 4. a3 Bxc3+ 5. bxc3 c5 6. dxc5 Qa5 7. Bd2 Qxc5 8.
Nf3 Nc6 9. e3 Na5 10. Be2 Nxc4 11. Bxc4 Qxc4 12. Qe2 Qxe2+ 13. Kxe2 b6 14. Nd4
O-O 15. Rab1 Ba6+ 16. Kd1 Bd3 17. Rc1 Rac8 18. c4 Rxc4 19. Rxc4 Bxc4 20. Kc2
Rc8 21. Kb2 Ng4 22. Rc1 Nxf2 23. Nf3 Nd3+ 24. Kb1 Nxc1 25. Bxc1 Bd3+ 26. Kb2
Rc2+ 27. Kb3 Rxc1 28. Kb4 Rb1+ 29. Ka4 Bc2# 0-1

[Event "ICS Rated standard match"]
[Site "204.178.125.65"]
[Date "2000.06.21"]
[Round "?"]
[White "Hossa"]
[Black "evgen"]
[Result "1-0"]
[WhiteElo "2253"]
[BlackElo "2030"]
[PlyCount "30"]
[EventDate "2000.??.??"]

1. d4 Nf6 2. c4 g6 3. Nc3 Bg7 4. e4 d6 5. Be2 O-O 6. Bg5 c5 7. d5 b5 8. cxb5 a6
9. bxa6 Bxa6 10. Nf3 Nbd7 11. O-O Qb6 12. Bxa6 Qxa6 13. Qd2 Rfb8 14. b3 c4 15.
Rab1 Nc5 {evgen resigns} 1-0

[Event "ICS rated blitz match"]
[Site "204.178.125.65"]
[Date "2000.06.21"]
[Round "?"]
[White "Hossa"]
[Black "MissSilicon"]
[Result "0-1"]
[WhiteElo "2367"]
[BlackElo "2631"]
[PlyCount "182"]
[EventDate "2000.??.??"]

1. e4 e5 2. Nf3 Nc6 3. Bb5 Bc5 4. c3 Qe7 5. O-O Bb6 6. d4 exd4 7. cxd4 Qb4 8.
Bxc6 dxc6 9. Bd2 Qd6 10. Be3 Be6 11. Qd2 O-O-O 12. a4 a5 13. Nc3 Kb8 14. Bf4
Qe7 15. Bg5 f6 16. Be3 h6 17. Rfe1 Bc5 18. Rab1 Bb4 19. Qc2 Qf7 20. Rec1 Ne7
21. Ra1 Bb3 22. Qb1 Qh5 23. Nd2 Be6 24. Rf1 Bd6 25. f4 Rhe8 26. Qc2 g5 27. Rae1
gxf4 28. Bxf4 Bxf4 29. Rxf4 Rxd4 30. Rxf6 Qg5 31. Rf2 Rd7 32. Nf3 Qc5 33. Qc1
Ng8 34. Qe3 Qxe3 35. Rxe3 Red8 36. Ne5 Rd4 37. Re1 Bb3 38. Ref1 Bxa4 39. Ra1
Bb5 40. Nf7 Re8 41. g4 b6 42. g5 hxg5 43. Nxg5 Ba6 44. Kg2 Ne7 45. h4 Rg8 46.
Kh2 Ng6 47. Nf3 Rd6 48. Rg1 Rf8 49. Kh3 Rdf6 50. Kg3 Nxh4 51. Kxh4 Rxf3 52.
Rxf3 Rxf3 53. e5 Re3 54. Rg5 Bc8 55. Kh5 Be6 56. Kg6 Bb3 57. Rh5 a4 58. Rh8+
Kb7 59. Kf5 a3 60. Kf4 Rd3 61. Rh2 a2 62. Nxa2 Bxa2 63. Kf5 Bc4 64. Kg6 c5 65.
Rc2 b5 66. Rh2 Kc6 67. Rf2 Re3 68. Kf6 Kd5 69. Ke7 Rxe5+ 70. Kd7 Bd3 71. Kxc7
Re2 72. Rf3 c4 73. b3 Ke4 74. Rh3 cxb3 75. Rh4+ Kd5 76. Kb6 Re6+ 77. Ka5 Re4
78. Rh2 Be2 79. Kb6 Re6+ 80. Ka5 b2 81. Rh1 Kc5 82. Rh5+ Kc6 83. Rc5+ Kb7 84.
Rd5 Ra6+ 85. Kb4 b1=Q+ 86. Kc5 Qg1+ 87. Kb4 Ra4+ 88. Kb3 Qb1+ 89. Kc3 Qb4+ 90.
Kc2 Ra2+ 91. Kc1 Qb2# {Hossa checkmated} 0-1

[Event "ICS rated bullet match"]
[Site "204.178.125.65"]
[Date "2000.06.21"]
[Round "?"]
[White "SpeedMaster"]
[Black "Hossa"]
[Result "0-1"]
[WhiteElo "1519"]
[BlackElo "2402"]
[PlyCount "28"]
[EventDate "2000.??.??"]

1. e3 g6 2. Bc4 d5 3. Bb5+ c6 4. Bd3 e5 5. c4 e4 6. Be2 dxc4 7. Bxc4 b5 8. Bb3
Na6 9. a4 Nc5 10. Ba2 Nd3+ 11. Ke2 bxa4 12. b3 Ba6 13. bxa4 Nf4+ 14. Ke1 Nxg2#
0-1

[Event "ICS rated bullet match"]
[Site "204.178.125.65"]
[Date "2000.06.21"]
[Round "?"]
[White "Hossa"]
[Black "Awarning"]
[Result "1-0"]
[WhiteElo "2402"]
[BlackElo "1482"]
[PlyCount "39"]
[EventDate "2000.??.??"]

1. e4 c6 2. d4 d5 3. e5 Bf5 4. h4 Bg6 5. Nd2 Nd7 6. h5 Bf5 7. g4 Be6 8. Nh3 Nb6
9. Ng5 Bd7 10. Bd3 e6 11. Nxh7 g6 12. hxg6 fxg6 13. Bxg6+ Ke7 14. Nf1 Bg7 15.
Bg5+ Nf6 16. exf6+ Bxf6 17. Bxf6+ Kd6 18. Be5+ Ke7 19. Qf3 Qb8 20. Qf6# {
Awarning checkmated} 1-0

[Event "ICS rated bullet match"]
[Site "204.178.125.65"]
[Date "2000.06.21"]
[Round "?"]
[White "SR71Blackbird"]
[Black "Hossa"]
[Result "0-1"]
[WhiteElo "1578"]
[BlackElo "2402"]
[PlyCount "70"]
[EventDate "2000.??.??"]

1. e3 g6 2. d3 Nc6 3. c3 Nf6 4. h3 Bg7 5. g3 O-O 6. f4 e5 7. Ne2 exf4 8. Nxf4
g5 9. Ne2 Qe7 10. h4 g4 11. Nf4 Re8 12. Ng2 d5 13. Be2 Nh5 14. Bxg4 Nxg3 15.
Rg1 Nf5 16. Bxf5 Bxf5 17. c4 Ne5 18. cxd5 Nxd3+ 19. Kd2 Qb4+ 20. Nc3 Nxb2 21.
Bxb2 Qxb2+ 22. Ke1 Bxc3+ 23. Kf1 Qxa1 24. Qxa1 Bxa1 25. Kf2 Bg7 26. Kg3 Rad8
27. Kh2 Rxd5 28. Rf1 Be4 29. Nf4 Rd2+ 30. Kg3 Rxa2 31. Nh5 Bg6 32. Nxg7 Rxe3+
33. Kg4 Re4+ 34. Kg5 Kxg7 35. h5 Rg2# 0-1

[Event "ICS rated bullet match"]
[Site "204.178.125.65"]
[Date "2000.06.21"]
[Round "?"]
[White "Hossa"]
[Black "SR71Blackbird"]
[Result "1-0"]
[WhiteElo "2402"]
[BlackElo "1578"]
[PlyCount "55"]
[EventDate "2000.??.??"]

1. e4 e6 2. d4 d6 3. Bd3 f6 4. Nf3 Be7 5. O-O Bd7 6. Nbd2 c6 7. Nc4 b5 8. Ne3
a6 9. a4 g6 10. axb5 h5 11. bxa6 Nxa6 12. Rxa6 Rxa6 13. Bxa6 Qa8 14. Qe2 Bc8
15. Bxc8 Qxc8 16. Nc4 Qd7 17. Nh4 d5 18. Nxg6 Rh7 19. exd5 cxd5 20. Ne3 Rf7 21.
Qxh5 Rg7 22. Ne5+ Kd8 23. Nxd7 Kxd7 24. Nxd5 exd5 25. Qxd5+ Bd6 26. Bf4 Ne7 27.
Qxd6+ Kc8 28. Qc7# 1-0

[Event "ICS rated bullet match"]
[Site "204.178.125.65"]
[Date "2000.06.21"]
[Round "?"]
[White "Samshaunak"]
[Black "Hossa"]
[Result "0-1"]
[WhiteElo "1572"]
[BlackElo "2402"]
[PlyCount "62"]
[EventDate "2000.??.??"]

1. e3 g6 2. d4 Bg7 3. c4 Nf6 4. Nc3 c5 5. d5 d6 6. e4 O-O 7. f4 Re8 8. e5 Nfd7
9. Nf3 dxe5 10. fxe5 Nxe5 11. Nxe5 Bxe5 12. Bd3 e6 13. O-O Bd4+ 14. Kh1 Bxc3
15. bxc3 exd5 16. Qf3 Be6 17. cxd5 Bxd5 18. Qf4 Bxg2+ 19. Kxg2 Qe7 20. Bb2 Nc6
21. Rae1 Qd7 22. Rxe8+ Rxe8 23. c4 Nb4 24. Qf6 Qc6+ 25. Kg1 Qxf6 26. Bxf6 Nxd3
27. Rd1 Ne5 28. Bxe5 Rxe5 29. Rd8+ Kg7 30. Ra8 a6 31. Rxa6 bxa6 {
Samshaunak resigns} 0-1

[Event "ICS rated bullet match"]
[Site "204.178.125.65"]
[Date "2000.06.21"]
[Round "?"]
[White "nagelbagel"]
[Black "Hossa"]
[Result "0-1"]
[WhiteElo "1145"]
[BlackElo "2402"]
[PlyCount "30"]
[EventDate "2000.??.??"]

1. e4 e5 2. Bc4 Nf6 3. Nc3 Nc6 4. Qe2 Nd4 5. Nf3 Nxe2 6. Kxe2 d6 7. Ke1 Be7 8.
Bb5+ c6 9. Bxc6+ bxc6 10. Na4 Nxe4 11. d3 Qa5+ 12. Bd2 Nxd2 13. Ke2 Nxf3 14.
Kxf3 Qxa4 15. Kg3 Qg4# 0-1

[Event "ICS rated blitz match"]
[Site "204.178.125.65"]
[Date "2000.06.21"]
[Round "?"]
[White "Hossa"]
[Black "PostModernist"]
[Result "0-1"]
[WhiteElo "2361"]
[BlackElo "2599"]
[PlyCount "162"]
[EventDate "2000.??.??"]

1. e4 g6 2. d4 Bg7 3. Nc3 c6 4. Nf3 d5 5. h3 Nf6 6. e5 Ne4 7. Nxe4 dxe4 8. Ng5
c5 9. Bc4 O-O 10. e6 f6 11. Nxe4 b5 12. Nxc5 bxc4 13. Qf3 Qb6 14. Qxa8 Nc6 15.
O-O Ba6 16. Nd7 Rxa8 17. Nxb6 axb6 18. c3 Bb7 19. Rd1 Na5 20. Bf4 Bd5 21. Re1
b5 22. Bc7 Nb7 23. h4 Ra6 24. Red1 Rc6 25. Bb8 Rxe6 26. Kf1 h6 27. f3 g5 28. h5
Ra6 29. Re1 Kf8 30. Kf2 Nd8 31. a3 Ra8 32. Bh2 Nc6 33. Bc7 f5 34. Rad1 f4 35.
Rd2 Rc8 36. Bb6 Bf6 37. Rf1 Kg7 38. Rdd1 Kh7 39. Ke2 Rb8 40. Bc5 Na5 41. Rde1
Nb3 42. Bb4 Re8 43. Rh1 g4 44. Rd1 Rg8 45. Rdg1 Rg5 46. fxg4 Rxg4 47. Kf2 Bh4+
48. Rxh4 Rxh4 49. Bxe7 Rxh5 50. Bd6 Rh4 51. Bc7 Rg4 52. Bb6 Kg6 53. Ba7 Rg3 54.
Bb8 Kg5 55. Bd6 Nd2 56. Be7+ Kf5 57. Bh4 Rg8 58. Be7 Re8 59. Bb4 Ne4+ 60. Ke2
Nxc3+ 61. Kd2 Ne4+ 62. Kc1 Ng3 63. Kd1 Re2 64. Re1 Rxe1+ 65. Kxe1 Bxg2 66. Bf8
h5 67. Kf2 Bc6 68. Be7 Ke4 69. Bd8 Nf5 70. d5 Bxd5 71. Bg5 Ne3 72. Ke2 f3+ 73.
Ke1 Kd3 74. a4 bxa4 75. Be7 Ng4 76. Kf1 f2 77. Bg5 Bf3 78. Be7 Be2+ 79. Kg2
f1=Q+ 80. Kg3 Qf2+ 81. Kh3 Qh2# {Hossa checkmated} 0-1

[Event "ICS rated blitz match"]
[Site "204.178.125.65"]
[Date "2000.06.21"]
[Round "?"]
[White "MissSilicon"]
[Black "Hossa"]
[Result "1-0"]
[WhiteElo "2642"]
[BlackElo "2355"]
[PlyCount "131"]
[EventDate "2000.??.??"]

1. c4 e5 2. Nc3 Nc6 3. e4 Nf6 4. d3 Bc5 5. Be2 O-O 6. Nf3 Ng4 7. O-O d6 8. Na4
Nxf2 9. Rxf2 Bxf2+ 10. Kxf2 Bg4 11. Nc3 f5 12. Kg1 fxe4 13. Nxe4 Bxf3 14. Bxf3
Nd4 15. Bh5 c5 16. Bg5 Qd7 17. Qg4 Qc6 18. Be7 Rf4 19. Qh3 Qb6 20. b3 Qc6 21.
g3 Rxe4 22. dxe4 Qxe4 23. Rf1 g6 24. Bg4 Qe3+ 25. Rf2 Qe1+ 26. Qf1 Qxf1+ 27.
Rxf1 e4 28. Bxd6 b6 29. Kf2 Re8 30. Bf4 Kg7 31. Ke3 h6 32. Rf2 Kh7 33. b4 h5
34. bxc5 bxc5 35. Bd7 Rd8 36. Bh3 Nc6 37. Bg5 Rd3+ 38. Kxe4 Rd4+ 39. Ke3 Ne5
40. Be6 Rd6 41. Rf6 a5 42. Bf4 Ng4+ 43. Kf3 Rd3+ 44. Ke2 Ra3 45. Rf7+ Kh8 46.
Bxg4 hxg4 47. Rc7 Rxa2+ 48. Bd2 a4 49. Kd3 Kg8 50. Rxc5 Kf7 51. Rg5 Ra3+ 52.
Bc3 Ra2 53. c5 Rxh2 54. c6 Ke7 55. Rd5 Ke6 56. c7 Kxd5 57. c8=Q g5 58. Qd7+ Kc5
59. Bd4+ Kb4 60. Qd6+ Kb3 61. Qe6+ Kb4 62. Qc4+ Ka3 63. Qc1+ Kb4 64. Qb1+ Rb2
65. Qxb2+ Ka5 66. Qb6# {Hossa checkmated} 1-0

[Event "ICS rated bullet match"]
[Site "204.178.125.65"]
[Date "2000.06.21"]
[Round "?"]
[White "Hossa"]
[Black "Chess-Fighter"]
[Result "1-0"]
[WhiteElo "2402"]
[BlackElo "1568"]
[PlyCount "83"]
[EventDate "2000.??.??"]

1. e4 e5 2. Nf3 d6 3. Bc4 Bg4 4. O-O Qf6 5. d3 Bxf3 6. Qxf3 Qxf3 7. gxf3 Nc6 8.
Be3 Na5 9. Bb5+ c6 10. Bd2 cxb5 11. Bxa5 b6 12. Bc3 a5 13. Bd2 b4 14. Be3 Be7
15. Bxb6 Ra6 16. Be3 Nf6 17. a3 bxa3 18. Nxa3 d5 19. c4 d4 20. Nb5 Rb6 21. Bg5
h6 22. Bd2 g5 23. Bxa5 Rb8 24. Bc7 Kd7 25. Bxe5 Rbf8 26. Ra6 Ne8 27. Bxh8 Rxh8
28. Ra7+ Kd8 29. Nxd4 Bd6 30. Rxf7 Rf8 31. Ne6+ Kc8 32. Nxf8 Bxf8 33. Rxf8 Kd8
34. d4 h5 35. Rg8 g4 36. fxg4 hxg4 37. Ra1 g3 38. fxg3 Kc8 39. Rxe8+ Kc7 40.
Re7+ Kb6 41. Kf2 Kc6 42. Ra6# 1-0

[Event "ICS rated bullet match"]
[Site "204.178.125.65"]
[Date "2000.06.21"]
[Round "?"]
[White "Hossa"]
[Black "Chess-Fighter"]
[Result "1-0"]
[WhiteElo "2402"]
[BlackElo "1568"]
[PlyCount "39"]
[EventDate "2000.??.??"]

1. e4 e6 2. d4 d5 3. Nd2 dxe4 4. Nxe4 Nf6 5. Nxf6+ Qxf6 6. Nf3 e5 7. dxe5 Qe6
8. Bb5+ c6 9. Be2 f6 10. O-O fxe5 11. Re1 Bd6 12. Ng5 Qe7 13. Ne4 Bc5 14. Nxc5
Qxc5 15. b4 Qb6 16. Bh5+ g6 17. Rxe5+ Kf7 18. Qf3+ Kg7 19. Re7+ Kg8 20. Qf7#
1-0

[Event "ICS rated bullet match"]
[Site "204.178.125.65"]
[Date "2000.06.21"]
[Round "?"]
[White "Chess-Fighter"]
[Black "Hossa"]
[Result "0-1"]
[WhiteElo "1568"]
[BlackElo "2402"]
[PlyCount "34"]
[EventDate "2000.??.??"]

1. d4 Nf6 2. e3 g6 3. Nc3 Bg7 4. f4 O-O 5. Nf3 d5 6. Bd3 Bg4 7. O-O Nbd7 8. h3
Be6 9. Be2 c5 10. Ne5 cxd4 11. exd4 Bf5 12. Nxd7 Qxd7 13. Bd3 Ne4 14. Nxe4 dxe4
15. Be2 Bxd4+ 16. Kh1 Bxh3 17. gxh3 Qxh3# 0-1

[Event "ICS rated bullet match"]
[Site "204.178.125.65"]
[Date "2000.06.21"]
[Round "?"]
[White "Chess-Fighter"]
[Black "Hossa"]
[Result "0-1"]
[WhiteElo "1568"]
[BlackElo "2402"]
[PlyCount "43"]
[EventDate "2000.??.??"]

1. e4 e5 2. Nf3 Nc6 3. Bc4 Nf6 4. Ng5 d5 5. exd5 b5 6. Bxb5 Qxd5 7. Bxc6+ Qxc6
8. O-O Bd6 9. Qf3 Qxf3 10. Nxf3 e4 11. Ne1 Ng4 12. h3 Nh2 13. d3 Nxf1 14. Kxf1
exd3 15. Nxd3 Ba6 16. Nc3 Be5 17. Bd2 O-O-O 18. Re1 Rhe8 19. Kg1 Bxd3 20. cxd3
Bxc3 21. f3 Bxd2 22. Rxe8 0-1

[Event "ICS rated blitz match"]
[Site "204.178.125.65"]
[Date "2000.06.21"]
[Round "?"]
[White "Hossa"]
[Black "QueenMaxima"]
[Result "1-0"]
[WhiteElo "2350"]
[BlackElo "2506"]
[PlyCount "157"]
[EventDate "2000.??.??"]

1. e4 e5 2. Nf3 Nc6 3. Bc4 Nf6 4. d3 Bc5 5. O-O d6 6. Bg5 Bg4 7. h3 Bxf3 8.
Qxf3 Na5 9. Nd2 Nxc4 10. Nxc4 Rg8 11. Ne3 h6 12. Bxf6 Qxf6 13. Qxf6 gxf6 14.
Nd5 Kd8 15. b4 Bb6 16. Nxf6 Rg6 17. Nd5 Kd7 18. a4 Rag8 19. Nxb6+ axb6 20. g3
Ra8 21. Kg2 f6 22. Ra2 Kc6 23. c3 d5 24. exd5+ Kxd5 25. Re1 Rgg8 26. Re4 h5 27.
f4 h4 28. g4 Rge8 29. Rae2 Rxa4 30. g5 fxg5 31. fxg5 Ra3 32. g6 Rxc3 33. g7 Rg8
34. Rxe5+ Kd4 35. Re7 Kxd3 36. R2e3+ Kd2 37. Rxc3 Kxc3 38. Rxc7+ Kxb4 39. Kf3
b5 40. Kg4 Ka3 41. Kxh4 b4 42. Rxb7 b3 43. Kh5 b2 44. Kg6 Ka2 45. Kh7 b1=Q+ 46.
Rxb1 Re8 47. g8=R Re3 48. Ra8+ Kxb1 49. h4 Kc2 50. h5 Rc3 51. h6 Rg3 52. Kh8
Rg1 53. h7 Kd3 54. Rg8 Ra1 55. Kg7 Rh1 56. Rd8+ Ke4 57. Re8+ Kd5 58. Kg6 Rg1+
59. Kf5 Rf1+ 60. Kg4 Rg1+ 61. Kf3 Rh1 62. Rd8+ Kc5 63. Rc8+ Kd6 64. Rh8 Ke7 65.
Rb8 Rh3+ 66. Kg4 Rxh7 67. Rb7+ Ke6 68. Rxh7 Ke5 69. Rd7 Ke4 70. Rd1 Ke3 71. Kf5
Kf3 72. Re1 Kg3 73. Re3+ Kg2 74. Kg4 Kf2 75. Re4 Kg2 76. Rf4 Kh2 77. Kf3 Kh3
78. Kf2 Kh2 79. Rh4# 1-0

[Event "ICS rated blitz match"]
[Site "204.178.125.65"]
[Date "2000.06.21"]
[Round "?"]
[White "MissSilicon"]
[Black "Hossa"]
[Result "1-0"]
[WhiteElo "2647"]
[BlackElo "2373"]
[PlyCount "89"]
[EventDate "2000.??.??"]

1. e4 e5 2. Nf3 Nc6 3. Nc3 Bb4 4. Nd5 Nf6 5. Nxb4 Nxb4 6. Nxe5 Qe7 7. d4 d6 8.
a3 dxe5 9. axb4 Nxe4 10. dxe5 O-O 11. Qd4 Bf5 12. Bf4 Rfd8 13. Qc4 g5 14. Be3
Qxe5 15. Qa2 Qe7 16. c3 Nd2 17. Be2 Be6 18. Qa4 Bc4 19. b5 Bxe2 20. Kxe2 Rd6
21. Rhd1 Rad8 22. Qg4 Nb3 23. Rxd6 Qxd6 24. Qxg5+ Kh8 25. Rg1 a6 26. bxa6 Qxa6+
27. Kf3 Qc6+ 28. Kf4 f6 29. Qf5 Rg8 30. g4 Rg5 31. Qc2 Nc5 32. Kg3 Ne4+ 33. Kh4
Ra5 34. Rd1 Nd6 35. Bf4 Qg2 36. h3 Nf7 37. Qd2 Kg7 38. Qe3 Ra2 39. Rd7 Qc6 40.
Bh6+ Kg6 41. Qd3+ f5 42. Qxf5+ Kxh6 43. Qh5+ Kg7 44. Qxf7+ Kh8 45. Qxh7# {
Hossa checkmated} 1-0

[Event "ICS Rated standard match"]
[Site "204.178.125.65"]
[Date "2000.06.21"]
[Round "?"]
[White "Hossa"]
[Black "MissSilicon"]
[Result "1/2-1/2"]
[WhiteElo "2254"]
[BlackElo "2413"]
[PlyCount "133"]
[EventDate "2000.??.??"]

1. e4 c5 2. Nf3 Nc6 3. d4 cxd4 4. Nxd4 d5 5. Nxc6 bxc6 6. exd5 Qxd5 7. Bd2 Qe5+
8. Be2 Qxb2 9. Nc3 Bf5 10. Bd3 Bxd3 11. cxd3 Qa3 12. Qc2 Qa6 13. Ne4 e5 14. O-O
Rd8 15. Rab1 Qc8 16. f4 f5 17. Ng5 h6 18. Nf3 exf4 19. Rbe1+ Ne7 20. Ne5 Rd6
21. Bxf4 Re6 22. Qb2 Nd5 23. Ng6 Rg8 24. Nxf8 Kxf8 25. Qa3+ Kf7 26. Qxa7+ Kg6
27. Be5 Re7 28. Qf2 Qd7 29. d4 Ra8 30. Ra1 Qe6 31. Rac1 Kh7 32. Rce1 g6 33. Qd2
Nf6 34. Bxf6 Qxf6 35. Rxe7+ Qxe7 36. Re1 Qd6 37. Qb2 Rb8 38. Qc3 Rb4 39. Rd1
Rb5 40. Rc1 Rb7 41. Qc5 Qxc5 42. Rxc5 Rb4 43. Rxc6 Rxd4 44. Rc7+ Kg8 45. Ra7 g5
46. a4 g4 47. Ra8+ Kg7 48. a5 f4 49. Ra7+ Kg6 50. Ra6+ Kg5 51. Rc6 Rd1+ 52. Kf2
Rd2+ 53. Kg1 f3 54. gxf3 gxf3 55. a6 Rg2+ 56. Kh1 Ra2 57. Kg1 h5 58. Rd6 h4 59.
Rc6 Kf5 60. Rd6 Ke5 61. Rh6 Kd4 62. Rh7 Rxa6 63. Kf2 Ra2+ 64. Kxf3 Rxh2 65. Kg4
Rg2+ 66. Kh3 Rg6 67. Kxh4 1/2-1/2

[Event "ICS rated standard match"]
[Site "204.178.125.65"]
[Date "2000.06.21"]
[Round "?"]
[White "MissSilicon"]
[Black "Hossa"]
[Result "1-0"]
[WhiteElo "2406"]
[BlackElo "2261"]
[PlyCount "47"]
[EventDate "2000.??.??"]

1. e4 e5 2. Nf3 Nf6 3. d4 Nxe4 4. Bd3 d5 5. Nxe5 Bd6 6. O-O O-O 7. Nd2 Nf6 8.
Ndf3 Re8 9. Re1 Ne4 10. c4 f6 11. cxd5 Nxf2 12. Kxf2 fxe5 13. dxe5 Bb4 14. Re2
Rf8 15. Qb3 Ba5 16. Kg3 Qd7 17. Qc4 Bb6 18. d6+ Kh8 19. Qh4 g6 20. Bh6 g5 21.
Nxg5 Rg8 22. Qf4 Qe6 23. Qf6+ Qxf6 24. exf6 {Hossa resigns} 1-0

[Event "ICS rated bullet match"]
[Site "204.178.125.65"]
[Date "2000.06.21"]
[Round "?"]
[White "Deathstar"]
[Black "Hossa"]
[Result "0-1"]
[WhiteElo "1350"]
[BlackElo "2402"]
[PlyCount "38"]
[EventDate "2000.??.??"]

1. e4 e5 2. f4 exf4 3. Nf3 g5 4. Bc4 Bg7 5. O-O Nc6 6. d4 g4 7. Ng5 Bxd4+ 8.
Kh1 Qxg5 9. Bxf4 Qe7 10. Bxf7+ Qxf7 11. Bxc7 Qg7 12. c3 Be3 13. Bg3 Qg5 14. Na3
Nf6 15. Nb5 Qxb5 16. c4 Qxb2 17. Rxf6 Qxf6 18. Qxg4 Qxa1+ 19. Be1 Qxe1# 0-1

[Event "ICS rated standard match"]
[Site "204.178.125.65"]
[Date "2000.06.21"]
[Round "?"]
[White "Hossa"]
[Black "PostModernist"]
[Result "1/2-1/2"]
[WhiteElo "2251"]
[BlackElo "2416"]
[PlyCount "147"]
[EventDate "2000.??.??"]

1. e4 e5 2. Nf3 Nc6 3. Nc3 Nf6 4. Bb5 Bb4 5. O-O O-O 6. d3 Bxc3 7. bxc3 d6 8.
Bg5 Qe7 9. Rb1 h6 10. Bh4 Na5 11. c4 Bg4 12. Qe2 g5 13. Bg3 Nh5 14. h3 Nxg3 15.
fxg3 Be6 16. Qd2 b6 17. g4 Rfd8 18. Ba6 Rab8 19. Rf2 Qf8 20. Rbf1 Qg7 21. c3 c5
22. Ne1 Nc6 23. Nc2 Qh7 24. Ne3 Na5 25. Nd5 Bxd5 26. cxd5 b5 27. c4 b4 28. Qc2
Rb6 29. Bb5 a6 30. Qa4 axb5 31. Qxa5 Rdb8 32. cxb5 Qg7 33. Rf6 Qf8 34. Rxf7
Qxf7 35. Rxf7 Kxf7 36. Kf2 Ke7 37. Kg3 Kd7 38. Qa7+ R6b7 39. Qa4 Rxb5 40. Kf2
Ke7 41. Ke3 R5b7 42. g3 Rd7 43. h4 gxh4 44. gxh4 Rf8 45. Qc2 Rf4 46. Qg2 Kd8
47. g5 h5 48. g6 Rg4 49. Qf3 Rxg6 50. Qf8+ Kc7 51. Qa8 Rg3+ 52. Ke2 Rg4 53.
Qa5+ Kb8 54. Qb6+ Kc8 55. Qc6+ Kd8 56. Qa8+ Ke7 57. Qh8 Rg2+ 58. Kf3 Rxa2 59.
Qxh5 b3 60. Qg5+ Kf8 61. Qh6+ Ke8 62. Qh8+ Ke7 63. Qb8 b2 64. h5 c4 65. dxc4
Kf7 66. Kg4 Kg7 67. c5 dxc5 68. Qxe5+ Kh7 69. Qf5+ Kh8 70. Qf8+ Kh7 71. Qf5+
Kh8 72. Qf8+ Kh7 73. Qf5+ Kh8 74. Qf8+ 1/2-1/2